<?xml version="1.0" encoding="UTF-8"?><?xml-stylesheet type="text/xsl" href="static/style.xsl"?><OAI-PMH xmlns="http://www.openarchives.org/OAI/2.0/" xmlns:xsi="http://www.w3.org/2001/XMLSchema-instance" xsi:schemaLocation="http://www.openarchives.org/OAI/2.0/ http://www.openarchives.org/OAI/2.0/OAI-PMH.xsd"><responseDate>2026-06-07T15:17:26Z</responseDate><request verb="GetRecord" identifier="oai:docta.ucm.es:20.500.14352/111134" metadataPrefix="marc">https://docta.ucm.es/rest/oai/request</request><GetRecord><record><header><identifier>oai:docta.ucm.es:20.500.14352/111134</identifier><datestamp>2025-03-18T12:11:03Z</datestamp><setSpec>com_20.500.14352_14</setSpec><setSpec>col_20.500.14352_18</setSpec></header><metadata><record xmlns="http://www.loc.gov/MARC21/slim" xmlns:dcterms="http://purl.org/dc/terms/" xmlns:xsi="http://www.w3.org/2001/XMLSchema-instance" xmlns:doc="http://www.lyncode.com/xoai" xsi:schemaLocation="http://www.loc.gov/MARC21/slim http://www.loc.gov/standards/marcxml/schema/MARC21slim.xsd">
   <leader>00925njm 22002777a 4500</leader>
   <datafield ind2=" " ind1=" " tag="042">
      <subfield code="a">dc</subfield>
   </datafield>
   <datafield ind2=" " ind1=" " tag="720">
      <subfield code="a">Gorospe Arocena, José Manuel</subfield>
      <subfield code="e">author</subfield>
   </datafield>
   <datafield ind2=" " ind1=" " tag="720">
      <subfield code="a">Muñoz Navarro, Carmen</subfield>
      <subfield code="e">author</subfield>
   </datafield>
   <datafield ind2=" " ind1=" " tag="720">
      <subfield code="a">Valmaseda Balanzategui, Mariam</subfield>
      <subfield code="e">author</subfield>
   </datafield>
   <datafield ind2=" " ind1=" " tag="720">
      <subfield code="a">Nieva Ramos, Silvia</subfield>
      <subfield code="e">author</subfield>
   </datafield>
   <datafield ind2=" " ind1=" " tag="720">
      <subfield code="a">Conboy, Barbara T.</subfield>
      <subfield code="e">author</subfield>
   </datafield>
   <datafield ind2=" " ind1=" " tag="720">
      <subfield code="a">Cabello, Francisco</subfield>
      <subfield code="e">author</subfield>
   </datafield>
   <datafield ind2=" " ind1=" " tag="720">
      <subfield code="a">Calvo, José Antonio</subfield>
      <subfield code="e">author</subfield>
   </datafield>
   <datafield ind2=" " ind1=" " tag="720">
      <subfield code="a">Galiana Sanchís, Joaquim</subfield>
      <subfield code="e">author</subfield>
   </datafield>
   <datafield ind2=" " ind1=" " tag="720">
      <subfield code="a">Terradillos Azpiroz, María Estibaliz</subfield>
      <subfield code="e">author</subfield>
   </datafield>
   <datafield ind2=" " ind1=" " tag="720">
      <subfield code="a">Sage, Karen</subfield>
      <subfield code="e">author</subfield>
   </datafield>
   <datafield ind2=" " ind1=" " tag="260">
      <subfield code="c">2016-07-20</subfield>
   </datafield>
   <datafield ind2=" " ind1=" " tag="520">
      <subfield code="a">Este libro reúne la mayoría de los trabajos presentados por los ponentes invitados al XXX congreso internacional de la Asociación Española de Logopedia, Foniatría y Audiología e Iberoamericana de Fonoaudiología (AELFA-IF), organizado de forma coordinada con el Colegio de Logopedas del País Vasco. Se trata pues de una obra de especialistas que están a la vanguardia en sus respectivos campos (problemas de aprendizaje, terapia de voz, audición y lenguaje, trastorno específico del lenguaje, lenguaje y cognición, intervención con familias, disfagia, neurología y lenguaje, comunicación aumentativa y alternativa, y bilingüismo) dirigida también a especialistas (logopedas, foniatras, audiólogos, audioprotesistas, neurólogos, médicos rehabilitadores, neuropsicólogos, pedagogos, psicopedagogos, maestros, lingüistas, filólogos, educadores sociales, terapeutas ocupacionales, fisioterapeutas, trabajadores sociales…).</subfield>
   </datafield>
   <datafield ind1="8" ind2=" " tag="024">
      <subfield code="a">978-84-608-7328-0</subfield>
   </datafield>
   <datafield ind1="8" ind2=" " tag="024">
      <subfield code="a">https://hdl.handle.net/20.500.14352/111134</subfield>
   </datafield>
   <datafield ind1="8" ind2=" " tag="024">
      <subfield code="a">https://www.librosuned.com/LU27374/Claves-de-la-logopedia-en-el-siglo-XXI.aspx</subfield>
   </datafield>
   <datafield ind2="0" ind1="0" tag="245">
      <subfield code="a">Claves de la Logopedia en el siglo XXI</subfield>
   </datafield>
</record></metadata></record></GetRecord></OAI-PMH>